[Event "NAO Chess Masters 1st"]
[Site "Cannes"]
[Date "2002.02.22"]
[Round "1"]
[White "Bareev, Evgeny"]
[Black "Leko, Peter"]
[Result "1-0"]
[WhiteElo "2707"]
[BlackElo "2713"]
[PlyCount "57"]
[EventDate "2002.02.22"]

1. c4 c5 2. g3 g6 3. Bg2 Bg7 4. e3 Nc6 5. Ne2 e6 6. d4 cxd4 7. exd4 Nge7 8. d5
Ne5 9. dxe6 dxe6 10. Qxd8+ Kxd8 11. O-O Bd7 12. Rd1 Kc7 13. Nbc3 a6 14. Bf4 Bc6
15. Nd4 Rad8 16. Nxc6 N7xc6 17. Re1 Kb6 18. Na4+ Ka7 19. Bg5 Rd6 20. Red1 Nd4
21. Be7 Nxc4 22. Bxd6 Nxd6 23. Kf1 e5 24. Rac1 Rd8 25. Rc5 Kb8 26. Rd5 Kc7 27.
Nc5 Re8 28. Rc1 Bh6 29. Nxa6+ 1-0

[Event "NAO Chess Masters 1st"]
[Site "Cannes"]
[Date "2002.02.22"]
[Round "1"]
[White "Lautier, Joel"]
[Black "Bacrot, Etienne"]
[Result "1/2-1/2"]
[WhiteElo "2687"]
[BlackElo "2649"]
[PlyCount "60"]
[EventDate "2002.02.22"]

1. e4 e5 2. Nf3 Nc6 3. d4 exd4 4. Nxd4 Nf6 5. Nxc6 bxc6 6. e5 Qe7 7. Qe2 Nd5 8.
c4 Ba6 9. b3 g6 10. f4 Qb4+ 11. Bd2 Qb6 12. Qf3 Qd4 13. Nc3 Nxc3 14. Qxc3 c5
15. Bd3 Bg7 16. Qxd4 cxd4 17. O-O O-O 18. Bb4 Rfe8 19. Be4 c6 20. Rfe1 f6 21.
exf6 Bxf6 22. Rad1 Kg7 23. Kf2 d5 24. cxd5 cxd5 25. Bd3 Bxd3 26. Rxe8 Rxe8 27.
Rxd3 Rc8 28. Ke2 Kf7 29. Be1 Re8+ 30. Kd1 Re3 1/2-1/2

[Event "NAO Chess Masters 1st"]
[Site "Cannes"]
[Date "2002.02.23"]
[Round "2"]
[White "Bareev, Evgeny"]
[Black "Gelfand, Boris"]
[Result "1/2-1/2"]
[WhiteElo "2707"]
[BlackElo "2703"]
[PlyCount "53"]
[EventDate "2002.02.22"]

1. c4 Nf6 2. Nc3 e5 3. Nf3 Nc6 4. g3 Bb4 5. Nd5 Bc5 6. Bg2 d6 7. d3 h6 8. Nd2
Nxd5 9. cxd5 Nd4 10. e3 Nf5 11. d4 exd4 12. e4 Ne7 13. b4 Bb6 14. Nc4 c6 15.
Bf4 Bc7 16. Qxd4 cxd5 17. exd5 O-O 18. O-O Ng6 19. Be3 b5 20. Na5 Bxa5 21. bxa5
Qxa5 22. a4 bxa4 23. Rxa4 Qb5 24. Rxa7 Rxa7 25. Qxa7 Bb7 26. Rd1 Ne7 27. Qb6
1/2-1/2

[Event "NAO Chess Masters 1st"]
[Site "Cannes"]
[Date "2002.02.23"]
[Round "2"]
[White "Fressinet, Laurent"]
[Black "Lautier, Joel"]
[Result "1/2-1/2"]
[WhiteElo "2591"]
[BlackElo "2687"]
[PlyCount "43"]
[EventDate "2002.02.22"]

1. e4 c5 2. Nf3 Nc6 3. Bb5 e6 4. Bxc6 bxc6 5. d3 Ne7 6. Qe2 f6 7. Nh4 g6 8. f4
Bg7 9. O-O O-O 10. Nf3 h6 11. Nc3 e5 12. fxe5 fxe5 13. Qf2 g5 14. Qxc5 d6 15.
Qe3 Ng6 16. Qe1 Rb8 17. Nd2 Nf4 18. Ne2 Rb7 19. Nc4 d5 20. Ne3 dxe4 21. dxe4
Rbf7 22. Ng3 1/2-1/2

[Event "NAO Chess Masters 1st"]
[Site "Cannes"]
[Date "2002.02.24"]
[Round "3"]
[White "Gelfand, Boris"]
[Black "Leko, Peter"]
[Result "1/2-1/2"]
[WhiteElo "2703"]
[BlackElo "2713"]
[PlyCount "65"]
[EventDate "2002.02.22"]

1. d4 Nf6 2. c4 e6 3. Nf3 b6 4. g3 Ba6 5. Qa4 Bb7 6. Bg2 c5 7. dxc5 Bxc5 8. O-O
Be7 9. Nc3 O-O 10. Bf4 Na6 11. Rfd1 Nc5 12. Qc2 Qc8 13. Rd4 d5 14. cxd5 exd5
15. Rdd1 Nce4 16. Rac1 Bc5 17. e3 Nxc3 18. Qxc3 Ne4 19. Qd3 Qe6 20. Be5 Rac8
21. Bd4 Be7 22. Qf1 Rxc1 23. Rxc1 Rc8 24. Qd1 Bd6 25. Bf1 Qf5 26. Kg2 Rxc1 27.
Qxc1 f6 28. Bd3 Kf7 29. Qc2 g5 30. Qe2 h5 31. Nd2 g4 32. f3 gxf3+ 33. Qxf3
1/2-1/2

[Event "NAO Chess Masters 1st"]
[Site "Cannes"]
[Date "2002.02.24"]
[Round "3"]
[White "Morozevich, Alexander"]
[Black "Bacrot, Etienne"]
[Result "1/2-1/2"]
[WhiteElo "2742"]
[BlackElo "2649"]
[PlyCount "70"]
[EventDate "2002.02.22"]

1. e4 e5 2. Nf3 Nc6 3. Bb5 a6 4. Ba4 Nf6 5. O-O Be7 6. Re1 b5 7. Bb3 d6 8. c3
O-O 9. h3 Na5 10. Bc2 c5 11. d4 Qc7 12. Nbd2 cxd4 13. cxd4 Nc6 14. Nb3 a5 15.
Be3 a4 16. Nbd2 Bd7 17. a3 Rfc8 18. Rc1 Na5 19. Bd3 Qxc1 20. Qxc1 Rxc1 21. Rxc1
exd4 22. Nxd4 Rb8 23. Nf5 Bf8 24. Bd4 Ne8 25. Ne3 Nc6 26. Bc3 b4 27. axb4 Nxb4
28. Bc4 g6 29. Nf3 Bh6 30. h4 Bxe3 31. fxe3 Be6 32. Bxe6 fxe6 33. Ra1 Nd3 34.
e5 Nxb2 35. Ng5 Nc4 1/2-1/2

[Event "NAO Chess Masters 1st"]
[Site "Cannes"]
[Date "2002.02.24"]
[Round "3"]
[White "Topalov, Veselin"]
[Black "Fressinet, Laurent"]
[Result "1/2-1/2"]
[WhiteElo "2739"]
[BlackElo "2591"]
[PlyCount "45"]
[EventDate "2002.02.22"]

1. e4 e5 2. Nf3 Nc6 3. Bb5 a6 4. Ba4 Nf6 5. O-O Be7 6. Re1 b5 7. Bb3 d6 8. c3
O-O 9. h3 Nd7 10. d4 Nb6 11. Nbd2 Bf6 12. Nf1 Re8 13. N1h2 exd4 14. cxd4 Na5
15. Bc2 c5 16. Ng4 Bxg4 17. hxg4 cxd4 18. g5 Be5 19. Nxd4 g6 20. Nf3 Bg7 21.
Rb1 Rc8 22. b3 d5 23. Be3 1/2-1/2

[Event "NAO Chess Masters 1st"]
[Site "Cannes"]
[Date "2002.02.25"]
[Round "4"]
[White "Bareev, Evgeny"]
[Black "Lautier, Joel"]
[Result "1/2-1/2"]
[WhiteElo "2707"]
[BlackElo "2687"]
[PlyCount "91"]
[EventDate "2002.02.22"]

1. Nf3 c5 2. c4 Nc6 3. Nc3 e5 4. g3 g6 5. Bg2 Bg7 6. O-O Nge7 7. d3 d6 8. a3
O-O 9. Rb1 a5 10. Bd2 Rb8 11. Qc1 f6 12. Ne1 Be6 13. Nc2 d5 14. cxd5 Nxd5 15.
Nxd5 Bxd5 16. Bxd5+ Qxd5 17. Ne3 Qd6 18. b4 axb4 19. axb4 Nd4 20. Re1 Rfc8 21.
Qc4+ Kh8 22. bxc5 Qxc5 23. Qxc5 Rxc5 24. Rb6 Rc6 25. Nc4 Rxb6 26. Nxb6 Re8 27.
Be3 Nc2 28. Rc1 Nxe3 29. fxe3 Bh6 30. Kf2 Re7 31. Rc8+ Kg7 32. Rb8 f5 33. Rd8
Rc7 34. Nd5 Rf7 35. Kf3 Bg5 36. Re8 e4+ 37. dxe4 fxe4+ 38. Kxe4 Bf6 39. Re6 Bd8
40. h4 Rd7 41. Ke5 b5 42. Ra6 Rb7 43. Ra8 Be7 44. Kd4 Bf6+ 45. Kd3 b4 46. Nxf6
1/2-1/2

[Event "NAO Chess Masters 1st"]
[Site "Cannes"]
[Date "2002.02.25"]
[Round "4"]
[White "Leko, Peter"]
[Black "Bacrot, Etienne"]
[Result "1/2-1/2"]
[WhiteElo "2713"]
[BlackElo "2649"]
[PlyCount "68"]
[EventDate "2002.02.22"]

1. e4 e5 2. Nf3 Nc6 3. Bb5 a6 4. Ba4 Nf6 5. O-O Be7 6. Re1 b5 7. Bb3 d6 8. c3
O-O 9. h3 Na5 10. Bc2 c5 11. d4 Qc7 12. Nbd2 cxd4 13. cxd4 Nc6 14. Nb3 a5 15.
Be3 a4 16. Nbd2 Bd7 17. Rc1 Rac8 18. Bb1 Qb7 19. Qe2 Rc7 20. Nf1 Rfc8 21. Rcd1
Nb4 22. dxe5 dxe5 23. Nxe5 Be6 24. Bd4 Nxa2 25. Ng4 Nc1 26. Nxf6+ Bxf6 27. Qe3
Bxd4 28. Rxd4 Nb3 29. Rd6 Rc6 30. Red1 Rxd6 31. Rxd6 Qc7 32. e5 g6 33. Qg5 b4
34. h4 Qc1 1/2-1/2

[Event "NAO Chess Masters 1st"]
[Site "Cannes"]
[Date "2002.02.26"]
[Round "5"]
[White "Lautier, Joel"]
[Black "Gelfand, Boris"]
[Result "1/2-1/2"]
[WhiteElo "2687"]
[BlackElo "2703"]
[PlyCount "107"]
[EventDate "2002.02.22"]

1. d4 Nf6 2. c4 e6 3. Nf3 b6 4. g3 Ba6 5. Qb3 Nc6 6. Nbd2 Na5 7. Qc3 c5 8. dxc5
bxc5 9. e4 Bb7 10. e5 Ne4 11. Nxe4 Bxe4 12. Bg2 Be7 13. O-O O-O 14. Bd2 Nc6 15.
Qe3 Bxf3 16. Bxf3 Nd4 17. Bc3 Nxf3+ 18. Qxf3 f6 19. Rad1 Rb8 20. Qe3 Qc7 21.
Rd3 Qc6 22. Rfd1 Rb7 23. exf6 Bxf6 24. Rd6 Qc8 25. Bxf6 Rxf6 26. b3 Rf7 27.
R1d3 Rb6 28. Qd2 Rxd6 29. Rxd6 Qc7 30. Rd3 Kf8 31. Qe3 Rf5 32. Qe4 h6 33. h4
Ke7 34. Re3 Rf6 35. Qh7 Rf7 36. Qd3 Qd6 37. Qc3 Qc6 38. Re5 d6 39. Re3 Rf6 40.
Qd3 Kf7 41. Re4 e5 42. Re3 Qc8 43. Qd2 Qf5 44. Rd3 Ke7 45. a3 a5 46. b4 axb4
47. axb4 cxb4 48. Rb3 Kf7 49. Rxb4 Kg6 50. Rb6 Qe4 51. Rxd6 Qxc4 52. Rd5 Qe4
53. Rd3 Ra6 54. Rd6+ 1/2-1/2

[Event "NAO Chess Masters 1st"]
[Site "Cannes"]
[Date "2002.02.27"]
[Round "6"]
[White "Karpov, Anatoly"]
[Black "Lautier, Joel"]
[Result "1/2-1/2"]
[WhiteElo "2693"]
[BlackElo "2687"]
[PlyCount "94"]
[EventDate "2002.02.22"]

1. d4 Nf6 2. c4 e6 3. Nf3 b6 4. a3 Bb7 5. Nc3 d5 6. Bg5 Be7 7. Bxf6 Bxf6 8.
cxd5 exd5 9. Qa4+ Nd7 10. g3 c5 11. Bh3 cxd4 12. Nxd4 O-O 13. Bxd7 Bxd4 14.
Qxd4 Qxd7 15. O-O Qe6 16. Rad1 Rac8 17. Qf4 Rc4 18. Rd4 Rxd4 19. Qxd4 Rc8 20.
Rd1 h6 21. b3 Qe7 22. a4 Kh8 23. Rd3 Rc5 24. f3 Qg5 25. Kg2 Bc6 26. Re3 Qd8 27.
Re5 Qd7 28. h3 Kg8 29. g4 f6 30. Re3 Qf7 31. Nd1 Bb7 32. Nc3 Bc6 33. a5 Rxa5
34. b4 Ra3 35. b5 Bd7 36. Kf2 Be6 37. Nxd5 Rxe3 38. Nxe3 Bd7 39. Nc4 Bxb5 40.
Nd6 Qb3 41. Qe4 Bd7 42. Qa8+ Kh7 43. Qe4+ Kg8 44. Qa8+ Kh7 45. Qxa7 Be6 46. Ne8
Bf7 47. Nd6 Be6 1/2-1/2

[Event "NAO Chess Masters 1st"]
[Site "Cannes"]
[Date "2002.02.27"]
[Round "6"]
[White "Leko, Peter"]
[Black "Fressinet, Laurent"]
[Result "1-0"]
[WhiteElo "2713"]
[BlackElo "2591"]
[PlyCount "107"]
[EventDate "2002.02.22"]

1. e4 e5 2. Nf3 Nc6 3. Bb5 a6 4. Ba4 Nf6 5. O-O Be7 6. Re1 b5 7. Bb3 d6 8. c3
O-O 9. h3 Nd7 10. d4 Nb6 11. Nbd2 Bf6 12. Nf1 Re8 13. Bc2 Bd7 14. Ne3 g6 15. d5
Na5 16. Ng4 Bg7 17. Nh6+ Kf8 18. b3 Nb7 19. h4 c6 20. Qd2 f6 21. h5 g5 22. dxc6
Bxc6 23. Nf5 Kg8 24. Ba3 Bf8 25. Rad1 Bd7 26. Ne3 Be6 27. Nh2 Qc7 28. Nhg4 Qf7
29. Qe2 Rac8 30. Qf3 Nd7 31. Nd5 Kh8 32. Ngxf6 g4 33. Nxg4 Qxh5 34. Nh2 Qxf3
35. Nxf3 Bxd5 36. exd5 Rxc3 37. Bf5 Nf6 38. Ng5 a5 39. Bb2 Rc5 40. f4 Nxd5 41.
Bd4 Nc3 42. Bxc5 Nxc5 43. Rd2 e4 44. Nf7+ Kg7 45. Nxd6 Bxd6 46. Rxd6 Nxa2 47.
Rd5 Nxb3 48. Rxb5 a4 49. Rb7+ Kf6 50. Bxh7 Nc3 51. g4 Nd4 52. Kf2 e3+ 53. Kg2
e2 54. Rd7 1-0

[Event "NAO Chess Masters 1st"]
[Site "Cannes"]
[Date "2002.02.27"]
[Round "6"]
[White "Nataf, Igor Alexandre"]
[Black "Bacrot, Etienne"]
[Result "1/2-1/2"]
[WhiteElo "2546"]
[BlackElo "2649"]
[PlyCount "87"]
[EventDate "2002.02.22"]

1. e4 e5 2. Nf3 Nc6 3. d4 exd4 4. Nxd4 Nf6 5. Nxc6 bxc6 6. e5 Qe7 7. Qe2 Nd5 8.
c4 Ba6 9. b3 g6 10. f4 Qb4+ 11. Bd2 Qb6 12. Qe4 f5 13. Qf3 Nb4 14. Kd1 Bb7 15.
Nc3 c5 16. Nd5 Bg7 17. Bxb4 cxb4 18. Kc2 Bxd5 19. cxd5 d6 20. Bc4 O-O-O 21.
Rae1 dxe5 22. fxe5 Rhe8 23. e6 Qd4 24. Qd3 Qxd3+ 25. Kxd3 c6 26. g4 Bc3 27. Re2
Rd6 28. gxf5 gxf5 29. Kc2 cxd5 30. Bd3 Re7 31. Bxf5 Rd8 32. Rg1 Kc7 33. Rg5 Kd6
34. Rh5 Rf8 35. Kd3 a5 36. Re3 h6 37. a4 Bf6 38. Rf3 Rc7 39. Rxh6 Rc3+ 40. Ke2
Rxf3 41. Kxf3 Bg5 42. e7+ Bxh6 43. exf8=Q+ Bxf8 44. Ke3 1/2-1/2

[Event "NAO Chess Masters 1st"]
[Site "Cannes"]
[Date "2002.03.01"]
[Round "7"]
[White "Bacrot, Etienne"]
[Black "Bareev, Evgeny"]
[Result "0-1"]
[WhiteElo "2649"]
[BlackElo "2707"]
[PlyCount "80"]
[EventDate "2002.02.22"]

1. d4 d5 2. c4 c6 3. Nc3 Nf6 4. Nf3 dxc4 5. a4 Bf5 6. e3 e6 7. Bxc4 Bb4 8. O-O
Nbd7 9. Qe2 Bg6 10. e4 O-O 11. Bd3 h6 12. e5 Nd5 13. Bd2 Qa5 14. Bxg6 fxg6 15.
Qd3 Kh7 16. Nh4 Ne7 17. Qh3 Bxc3 18. bxc3 Qd5 19. Bc1 c5 20. Ba3 Rf7 21. Nf3
Kg8 22. Rfd1 cxd4 23. Nxd4 Qxe5 24. Nf3 Qxc3 25. Qxe6 Nc6 26. Qa2 Nde5 27. Nxe5
Qxe5 28. Rab1 Re8 29. h3 Qe6 30. Qb2 Qf5 31. Rbc1 Re4 32. Bc5 Rxa4 33. Re1 Re4
34. Rxe4 Qxe4 35. Qa2 a6 36. Ba3 Qe8 37. h4 Kh7 38. h5 gxh5 39. Qc2+ Kg8 40.
Bb2 Qe6 0-1

[Event "NAO Chess Masters 1st"]
[Site "Cannes"]
[Date "2002.03.01"]
[Round "7"]
[White "Fressinet, Laurent"]
[Black "Nataf, Igor Alexandre"]
[Result "1/2-1/2"]
[WhiteElo "2591"]
[BlackElo "2546"]
[PlyCount "42"]
[EventDate "2002.02.22"]

1. e4 c5 2. Nf3 Nc6 3. Bb5 e6 4. O-O Nge7 5. b3 a6 6. Bxc6 Nxc6 7. Bb2 b5 8. c4
bxc4 9. bxc4 Qb6 10. Bc3 Nd4 11. d3 Be7 12. Nbd2 Nxf3+ 13. Qxf3 O-O 14. Rab1
Qc6 15. Qg3 f6 16. f4 d5 17. exd5 exd5 18. Rfe1 Ra7 19. cxd5 Qxd5 20. Nc4 Bf5
21. Rbd1 Bg6 1/2-1/2

[Event "NAO Chess Masters 1st"]
[Site "Cannes"]
[Date "2002.03.01"]
[Round "7"]
[White "Lautier, Joel"]
[Black "Leko, Peter"]
[Result "1/2-1/2"]
[WhiteElo "2687"]
[BlackElo "2713"]
[PlyCount "99"]
[EventDate "2002.02.22"]

1. d4 Nf6 2. c4 e6 3. Nf3 b6 4. a3 Bb7 5. Nc3 d5 6. cxd5 Nxd5 7. Qc2 Nxc3 8.
bxc3 Be7 9. e4 O-O 10. Bd3 c5 11. O-O Qc8 12. Qa2 Rd8 13. Rd1 Ba6 14. Bxa6 Nxa6
15. Qe2 cxd4 16. cxd4 Qb7 17. Bb2 Bf6 18. h4 Nc7 19. h5 h6 20. Nh2 Ne8 21. Rd3
Rac8 22. Ng4 Bg5 23. Rf1 f5 24. exf5 exf5 25. Ne3 Qe4 26. Qd1 f4 27. Ng4 Nf6
28. Re1 Qf5 29. Ne5 Nd5 30. Ng6 Bf6 31. Qf3 Qd7 32. Bc1 Bg5 33. Bxf4 Nxf4 34.
Nxf4 Rf8 35. Qd5+ Qxd5 36. Nxd5 Rcd8 37. Ne7+ Bxe7 38. Rxe7 Rf7 39. Re5 Rfd7
40. d5 b5 41. Kf1 a5 42. Ke2 b4 43. Ke3 bxa3 44. Kd4 Rf7 45. Re2 Rb7 46. Rxa3
Rb4+ 47. Kc5 Rc8+ 48. Kd6 Rd8+ 49. Kc5 Rc8+ 50. Kd6 1/2-1/2

[Event "NAO Chess Masters 1st"]
[Site "Cannes"]
[Date "2002.03.02"]
[Round "8"]
[White "Leko, Peter"]
[Black "Nataf, Igor Alexandre"]
[Result "1/2-1/2"]
[WhiteElo "2713"]
[BlackElo "2546"]
[PlyCount "49"]
[EventDate "2002.02.22"]

1. c4 g6 2. g3 Bg7 3. Bg2 e5 4. Nc3 d6 5. e3 Nc6 6. Nge2 Be6 7. Nd5 h5 8. b4
Qd7 9. Qa4 Nf6 10. Bb2 O-O 11. b5 Nd8 12. Nxf6+ Bxf6 13. Nf4 Bf5 14. Nd5 Bg7
15. e4 Be6 16. O-O Bxd5 17. cxd5 a6 18. Rfc1 Rc8 19. Bf1 f5 20. Qc4 axb5 21.
Qxb5 Qf7 22. Bh3 fxe4 23. Bxc8 Qxf2+ 24. Kh1 Qf3+ 25. Kg1 1/2-1/2

[Event "NAO Chess Masters 1st"]
[Site "Cannes"]
[Date "2002.03.03"]
[Round "9"]
[White "Fressinet, Laurent"]
[Black "Gelfand, Boris"]
[Result "0-1"]
[WhiteElo "2591"]
[BlackElo "2703"]
[PlyCount "72"]
[EventDate "2002.02.22"]

1. e4 e5 2. Nf3 Nf6 3. Nxe5 d6 4. Nf3 Nxe4 5. d4 d5 6. Bd3 Bd6 7. O-O O-O 8. c4
c6 9. Re1 Bf5 10. Qb3 Na6 11. cxd5 cxd5 12. Nc3 Be6 13. a3 Nc7 14. Qc2 f5 15.
Ne5 Rc8 16. Bf4 g5 17. Bd2 Na6 18. Qd1 Bxe5 19. dxe5 Nac5 20. Bc2 Nxd2 21. Qxd2
d4 22. Na4 Nb3 23. Bxb3 Bxb3 24. e6 Re8 25. e7 Rxe7 26. Qxg5+ Rg7 27. Qxd8+
Rxd8 28. Nc5 Bd5 29. g3 Rc7 30. Nd3 Be4 31. Rad1 Rc2 32. b4 Bf3 33. Rc1 Rxc1
34. Rxc1 Be2 35. Nb2 d3 36. Re1 Rc8 0-1

[Event "NAO Chess Masters 1st"]
[Site "Cannes"]
[Date "2002.03.03"]
[Round "9"]
[White "Nataf, Igor Alexandre"]
[Black "Bareev, Evgeny"]
[Result "1/2-1/2"]
[WhiteElo "2546"]
[BlackElo "2707"]
[PlyCount "63"]
[EventDate "2002.02.22"]

1. e4 c6 2. d4 d5 3. e5 Bf5 4. Nc3 e6 5. g4 Bg6 6. Nge2 Ne7 7. Nf4 c5 8. dxc5
Nec6 9. h4 Qc7 10. h5 Qxe5+ 11. Nfe2 Be4 12. Bf4 Qf6 13. g5 Qe7 14. Nxe4 dxe4
15. Nc3 Qxc5 16. Qe2 Nd4 17. Qxe4 Nbc6 18. O-O-O Be7 19. Rg1 O-O-O 20. Be3 Qf5
21. Bd3 Qxe4 22. Bxe4 Bb4 23. Rd2 g6 24. Rgd1 Bxc3 25. bxc3 Nb5 26. hxg6 Nxc3
27. Rxd8+ Nxd8 28. Rh1 Nxe4 29. Rxh7 Rf8 30. f3 Nxg5 31. Bxg5 fxg6 32. Bxd8
1/2-1/2

[Event "NAO Chess Masters 1st"]
[Site "Cannes"]
[Date "2002.03.03"]
[Round "9"]
[White "Topalov, Veselin"]
[Black "Leko, Peter"]
[Result "1/2-1/2"]
[WhiteElo "2739"]
[BlackElo "2713"]
[PlyCount "52"]
[EventDate "2002.02.22"]

1. d4 Nf6 2. c4 e6 3. Nc3 Bb4 4. Qc2 O-O 5. a3 Bxc3+ 6. Qxc3 b6 7. Bg5 Bb7 8.
f3 h6 9. Bh4 d5 10. e3 Nbd7 11. cxd5 Nxd5 12. Bxd8 Nxc3 13. Bh4 Nd5 14. Bf2 c5
15. e4 Ne7 16. Bb5 Bc6 17. Bxc6 Nxc6 18. Ne2 cxd4 19. Nxd4 Nxd4 20. Bxd4 Rac8
21. Kd2 Nc5 22. Bxc5 Rxc5 23. Rac1 Rd8+ 24. Ke3 Rdc8 25. Rxc5 Rxc5 26. Rd1 Kf8
1/2-1/2